<?xml version="1.0" encoding="UTF-8"?>
<record
    xmlns:xsi="http://www.w3.org/2001/XMLSchema-instance"
    xsi:schemaLocation="http://www.loc.gov/MARC21/slim http://www.loc.gov/standards/marcxml/schema/MARC21slim.xsd"
    xmlns="http://www.loc.gov/MARC21/slim">

  <leader>00653nam a2200205 a 4500</leader>
  <controlfield tag="001">16429490</controlfield>
  <controlfield tag="008">160824s2007    ||||||||||||||||| ||    u</controlfield>
  <datafield tag="010" ind1=" " ind2=" ">
    <subfield code="a">2010502142</subfield>
  </datafield>
  <datafield tag="020" ind1=" " ind2=" ">
    <subfield code="a">9780752893440</subfield>
  </datafield>
  <datafield tag="020" ind1=" " ind2=" ">
    <subfield code="a">9780752884912 (trade pbk.)</subfield>
  </datafield>
  <datafield tag="050" ind1=" " ind2=" ">
    <subfield code="a">PR 6113.O884S47</subfield>
  </datafield>
  <datafield tag="100" ind1=" " ind2=" ">
    <subfield code="a">Mosse, Kate</subfield>
  </datafield>
  <datafield tag="245" ind1="1" ind2="0">
    <subfield code="a">Sepulchre</subfield>
    <subfield code="c">By Kate Mosse</subfield>
  </datafield>
  <datafield tag="260" ind1=" " ind2=" ">
    <subfield code="a">London</subfield>
    <subfield code="b">Orion</subfield>
    <subfield code="c">2007</subfield>
  </datafield>
  <datafield tag="300" ind1=" " ind2=" ">
    <subfield code="a">739p.</subfield>
  </datafield>
  <datafield tag="650" ind1=" " ind2="0">
    <subfield code="a">Tarot cards - Fiction</subfield>
  </datafield>
  <datafield tag="650" ind1=" " ind2="0">
    <subfield code="a">Time travel - Fiction</subfield>
  </datafield>
  <datafield tag="650" ind1=" " ind2="0">
    <subfield code="a">France - Fiction</subfield>
  </datafield>
  <datafield tag="995" ind1=" " ind2=" ">
    <subfield code="a">FICTION Collection</subfield>
    <subfield code="e">746812</subfield>
    <subfield code="F">CBU-SCHOOL OF MEDICINE LIBRARY (Ndola)</subfield>
    <subfield code="j">PR 6113.O884S47</subfield>
    <subfield code="M">1</subfield>
    <subfield code="U">AVAILABLE</subfield>
    <subfield code="W">Sep 20, 2016</subfield>
    <subfield code="y">746812</subfield>
    <subfield code="Z">Fiction Collection</subfield>
  </datafield>
  <datafield tag="999" ind1=" " ind2=" ">
    <subfield code="c">32691</subfield>
    <subfield code="d">32691</subfield>
  </datafield>
  <datafield tag="952" ind1=" " ind2=" ">
    <subfield code="0">0</subfield>
    <subfield code="1">0</subfield>
    <subfield code="2">lcc</subfield>
    <subfield code="4">0</subfield>
    <subfield code="7">0</subfield>
    <subfield code="a">002</subfield>
    <subfield code="b">002</subfield>
    <subfield code="c">Fiction Collection</subfield>
    <subfield code="d">2022-11-30</subfield>
    <subfield code="l">1</subfield>
    <subfield code="o">PR 6113.O884S47</subfield>
    <subfield code="p">746812</subfield>
    <subfield code="r">2025-09-11</subfield>
    <subfield code="s">2025-08-28</subfield>
    <subfield code="w">2022-11-30</subfield>
    <subfield code="y">002</subfield>
  </datafield>
</record>
